Engaged Scholarship : A Guide for Organizational and Social Research /

Guardado en:
Bibliografiske detaljer
Hovedforfatter: Ven, Andrew van de (autor)
Format: Bog
Sprog:engelsk
Udgivet: Oxford, Inglaterra : Oxford University, 2007, c2007
Fag:
Tags: Tilføj Tag
Ingen Tags, Vær først til at tagge denne postø!

MARC

LEADER 00000nam^a2200000^a^4500
001 000292461
005 20250521000000.0
009 20260310112110.05
020 |a 978-0-19-922630-6 
037 |a Acervo ITESO - Biblioteca 
041 |a ING 
082 |a 300. 1  |b VEN 
100 |a Ven, Andrew van de  |e (autor) 
245 1 0 |a Engaged Scholarship :  |b A Guide for Organizational and Social Research /  |c A.H. van de Ven. 
264 4 |a Oxford, Inglaterra :  |b Oxford University,  |c 2007, c2007 
300 |a XII, 330 p. 
336 |a texto  |b txt  |2 rdacontenido 
337 |a sin mediación  |b n  |2 rdamedio 
338 |a volumen  |b nc  |2 rdasoporte 
649 |a XX 
650 |a Investigación -  |x Metodología 
650 |a Metodología 
650 |a Ciencias Sociales -  |x Investigación -  |x Metodología -  |x Tema Principal 
650 |a Ciencias Sociales -  |x Metodología 
910 |a Fondo General 
920 |a Impresos - Libros 
930 |a Colección General 
905 |a 101 
901 |a 0500178629  |b IT1  |c ACC  |i 906699  |u 20250521 
902 |a https://opac.biblio.iteso.mx/vufind/Record/000292461